000 00468nam a2200181Ia 4500
008 240510s9999 xx 000 0 und d
020 _a0008125912029
041 _aEng
082 _a005.117
082 _bL37
100 _aLITVIN M. : LITVIN G.
245 0 _aC ++ FOR YOU ++ : AN INTRODUCTION TO PROGRAMMING AND COMPUTER SCIENCE
260 _bCANADA : VIKAS
260 _c2002
650 _aOBJECT ORIENTED PROGRAMMING : C++
942 _2ddc
942 _cLBK
999 _c26981
_d26981
945 _a1
_bMadushi Gamage
_c1
_dMadushi Gamage